000 00722nam a2200229 a 4500
001 C01156560c-3
003 CO-ViMGA
005 20230915233136.0
008 080327s2004 mx a gr 00110 spa d
020 _a9682470536
040 _aCO-ViMGA
_bspa
_cCO-ViMGA
082 0 4 _a647.94
_bA237m
_219 ed.
100 1 _aAcerenza, Miguel Angel.
_93614
245 1 0 _aMarketing hotelero /
_cMiguel Angel Acerenza.
260 3 _aMéxico :
_bEditorial Trillas,
_c2004.
300 _a86 p. :
_bil. ;
_c24 cm.
504 _aIncluye bibliografía e índice.
650 1 2 _aRestaurantes, cafeterías, etc
_x Mercadeo.
_93617
650 1 6 _aAdministración hotelera.
_93615
650 1 6 _aHoteles
_x Mercadeo.
_93616
942 _2ddc
_cBK
999 _c35574
_d35574